Enciclopedia de desastres naturales históricos de Colombia (Registro nro. 299666)

Detalles MARC
000 -ENCABEZADO
Número de control [NR] 00891 a2200217 4500
005 - FECHA Y HORA DE LA ÚLTIMA TRANSACCIÓN
control field 20150529102843.0
008 - DE LONGITUD FIJA DE DATOS DE ELEMENTOS - INFORMACIÓN GENERAL
Elementos de longitud fija [NR] 150529s2012 ck ad fs|||| 00| 0 spa d
020 ## - NUMERO INTERNACIONAL NORMALIZADO PARA LIBROS [R]
Número Internacional Normalizado del libro [NR] [sin ISBN]
040 ## - FUENTE DE CATALOGACION [NR]
Agencia de catalogación original [NR] CO-BoUCM
Idioma de catalogación [NR] spa
Quien Cataloga Jose A. Gerena
Quien Clasifica Jose A. Gerena
041 0# - CODIGO DE IDIOMA [R]
Código de idioma para texto/pista de sonido o título separado [R] Español
100 1# - ASIENTO PRINCIPAL--NOMBRE PERSONAL [NR]
Nombre personal [NR] Espinosa Baquero, Armando
ID Autoridad 69276
245 10 - MENCION DE TITULO [NR]
Título [NR] Enciclopedia de desastres naturales históricos de Colombia
Parte restante del título [NR] volúmenes 1 - 7
Mención de responsabilidad, etc. [NR] Armando Espinoza Baquero
260 ## - PUBLICACION, DISTRIBUCION, ETC. (PIE DE IMPRENTA) [R]
Fecha de publicación, distribución, etc. [R] 2012
Nombre del editor, distribuidor, etc. [R] Academia Colombiana de Ciencias Exactas, Físicas y Naturales
Lugar de publicación, distribución, etc. [R] Bogotá (Colombia)
300 ## - DESCRIPCION FISICA [R]
Extensión [R] 1 CD-ROM
Otros detalles físicos [NR] ilustraciones, cuadros, gráficas
650 #7 - ASIENTO SECUNDARIO DE MATERIA - TERMINO TEMATICO [R]
9 (RLIN) 12998
Término temático o nombre geográfico como elemento de entrada [NR] Desastres naturales
Subdivisión geográfica [R] Colombia
650 #7 - ASIENTO SECUNDARIO DE MATERIA - TERMINO TEMATICO [R]
9 (RLIN) 25414
Término temático o nombre geográfico como elemento de entrada [NR] Terremotos
Subdivisión geográfica [R] Colombia
650 #7 - ASIENTO SECUNDARIO DE MATERIA - TERMINO TEMATICO [R]
9 (RLIN) 17936
Término temático o nombre geográfico como elemento de entrada [NR] Inundaciones
Subdivisión geográfica [R] Colombia
690 ## - ASUNTO AGREGADO LOCAL DE ENTRADA - TÉRMINO TEMÁTICO (OCLC, RLIN)
9 (RLIN) 42900
Acceso temático local Problemas sociales
942 ## - ELEMENTOS DE ENTRADA AGREGADOS (KOHA)
Sistema de clasificación DEWEY
Tema principal Sociología
Tipo de ítem principal el descrito en 300a Multimedia
Edición 1
Clasificación KLN 363.34861
Parte restante de la signatura top. E775
Existencias
Total préstamos Signatura topográfica Código de barras Última vez visto Volúmen / Fascículo Ejemplar Costo de reposición Price effective from Tipo de ítem Perdido Sistema de clasificación Dañado No prestable Tipo de ítem específico Suprimido Ubicación habitual Ubicación actual Localización Fecha de creación Proveedor Forma de adquisición Costo
  KLN 363.34861 E775 100146076 10/12/2024 CD-ROM Ej.1 26000.00 12/05/2015 Multimedia   DEWEY     CD-Rom   Claustro Claustro Colección digital 12/05/2015 12 Donación 0.00